[Event "EWICC 2019"]
[Site "Antalya"]
[Date "2019.04.15"]
[Round "5.41"]
[White "Zubova, Mariya"]
[Black "Exler, Veronika"]
[Result "0-1"]
[WhiteElo "2149"]
[BlackElo "2289"]
[Annotator "NA"]
[PlyCount "102"]
[EventDate "2019.04.11"]
[EventType "swiss"]
[EventCountry "TUR"]
[SourceTitle "playchess.com"]
[Source "ChessBase"]
[SourceQuality "1"]

1. e4 c6 2. d4 d5 3. Nc3 g6 4. h3 Bg7 5. Nf3 Nh6 6. Bf4 f6 7. e5 O-O 8. Qd2 Nf7 9. O-O-O Na6 10. exf6 exf6 11. g4 Nc7 12. Kb1 b5 13. Bd3 a5 14. Rdg1 Ne6 15. Be3 Qb6 16. Ne2 b4 17. Nh4 Re8 18. f4 Nf8 19. f5 g5 20. Nf3 Ra7 21. Ng3 Rae7 22. Re1 Nd6 23. h4 h6 24. hxg5 hxg5 25. Rh5 Nc4 26. Bxc4 dxc4 27. c3 Qb8 28. Rh3 Qd6 29. Bf2 Rxe1+ 30. Bxe1 Qd5 31. Qf2 c5 32. Kc1 Bb7 33. Nf1 Qe4 34. N1h2 cxd4 35. Qxd4 Qxd4 36. cxd4 Nd7 37. Bd2 Nb6 38. Rg3 Bf8 39. Rg1 Bd6 40. Re1 Be4 41. Ne5 Bd5 42. Nef3 Rc8 43. Kc2 c3 44. bxc3 Na4 45. c4 Rxc4+ 46. Kb1 Nc3+ 47. Kb2 Ne4 48. Be3 a4 49. Rc1 a3+ 50. Ka1 Rxc1+ 51. Bxc1 Nc3 0-1

[Event "EWICC 2019"]
[Site "Antalya"]
[Date "2019.04.15"]
[Round "5.42"]
[White "Hereklioglu, Sude"]
[Black "Beydullayeva, Govhar"]
[Result "0-1"]
[WhiteElo "1948"]
[BlackElo "2316"]
[Annotator "NA"]
[PlyCount "112"]
[EventDate "2019.04.11"]
[EventType "swiss"]
[EventCountry "TUR"]
[SourceTitle "playchess.com"]
[Source "ChessBase"]
[SourceQuality "1"]

1. Nf3 d5 2. g3 c5 3. Bg2 Nf6 4. O-O g6 5. c4 d4 6. d3 Nc6 7. e4 Bg7 8. Na3 O-O 9. Nc2 a6 10. Bd2 Nd7 11. h3 b5 12. e5 Qb6 13. b4 bxc4 14. bxc5 Qxc5 15. Nfxd4 cxd3 16. Nxc6 dxc2 17. Qe2 Bb7 18. Bb4 Qb6 19. Nxe7+ Kh8 20. Bxb7 Qxb7 21. Bd6 Rfe8 22. f4 Bf8 23. Nxg6+ hxg6 24. Bxf8 Nxf8 25. f5 Qb5 26. Qg4 Qxe5 27. fxg6 Nxg6 28. Rxf7 Qe3+ 29. Kg2 Qe2+ 30. Rf2 Qxg4 31. hxg4 Rac8 32. Rc1 Ne5 33. Rfxc2 Rxc2+ 34. Rxc2 Nd3 35. Rd2 Re3 36. Kh2 Nb4 37. Rb2 a5 38. Kh3 Ra3 39. Rd2 Rxa2 40. Rd7 Re2 41. Ra7 Nc6 42. Ra6 Rc2 43. Kh4 Kg7 44. Kh5 Rc5+ 45. g5 Ne5 46. Ra7+ Nf7 47. Kg4 Rxg5+ 48. Kf4 Rb5 49. Ke3 Kf6 50. Kd4 Nd6 51. Ra6 Ke6 52. g4 Kd7 53. Kc3 Kc7 54. Ra7+ Nb7 55. Ra6 Rg5 56. Kb3 Nc5+ 0-1

[Event "EWICC 2019"]
[Site "Antalya"]
[Date "2019.04.15"]
[Round "5.43"]
[White "Vega Gutierrez, Sabrina"]
[Black "Represa Perez, Mireya"]
[Result "1-0"]
[WhiteElo "2391"]
[BlackElo "2164"]
[Annotator "NA"]
[PlyCount "79"]
[EventDate "2019.04.11"]
[EventType "swiss"]
[EventCountry "TUR"]
[SourceTitle "playchess.com"]
[Source "ChessBase"]
[SourceQuality "1"]

1. e4 c5 2. Nf3 d6 3. d4 cxd4 4. Nxd4 Nf6 5. Nc3 a6 6. h3 e6 7. g4 Be7 8. Bg2 Nfd7 9. Be3 O-O 10. Qd2 Qc7 11. O-O Ne5 12. b3 Nbc6 13. Nde2 b5 14. f4 Nd7 15. g5 Bb7 16. Ng3 Rac8 17. Nce2 Rfd8 18. f5 d5 19. fxe6 fxe6 20. exd5 Nb6 21. Nf4 Nxd5 22. Nxd5 exd5 23. Nf5 d4 24. Bf4 Qd7 25. Be4 Bc5 26. Qg2 Re8 27. Rae1 d3+ 28. Kh2 dxc2 29. Qg4 Rcd8 30. g6 c1=Q 31. Bxc1 Ne5 32. gxh7+ Kh8 33. Qxg7+ Qxg7 34. Nxg7 Bxe4 35. Nxe8 Nf3+ 36. Rxf3 Bxf3 37. Nf6 Kg7 38. Kg3 Kxf6 39. Bb2+ Bd4 40. Bxd4+ 1-0

[Event "EWICC 2019"]
[Site "Antalya"]
[Date "2019.04.15"]
[Round "5.45"]
[White "Belenkaya, Dina"]
[Black "De Seroux, Camille"]
[Result "1-0"]
[WhiteElo "2297"]
[BlackElo "2151"]
[Annotator "NA"]
[PlyCount "107"]
[EventDate "2019.04.11"]
[EventType "swiss"]
[EventCountry "TUR"]
[SourceTitle "playchess.com"]
[Source "ChessBase"]
[SourceQuality "1"]

1. e4 c5 2. Nf3 d6 3. g3 Nc6 4. Bg2 g6 5. d4 cxd4 6. Nxd4 Nxd4 7. Qxd4 Nf6 8. O-O Bg7 9. Qd3 O-O 10. Nc3 Be6 11. Nd5 Rc8 12. c3 Re8 13. Bg5 Nxd5 14. exd5 Bf5 15. Qd2 Qd7 16. Rfe1 b5 17. a3 Rc7 18. Re2 Bg4 19. f3 Bh3 20. Bxh3 Qxh3 21. Rae1 Bf8 22. Re4 Qf5 23. g4 Qc8 24. Bh6 Qb7 25. Bxf8 Rxf8 26. h4 f5 27. Rd4 fxg4 28. fxg4 Rf7 29. h5 gxh5 30. Qg5+ Rg7 31. Qxh5 Qc8 32. Rf1 e5 33. dxe6 Qxe6 34. Qf5 Qxf5 35. Rxf5 Rc5 36. Kf2 Rxf5+ 37. gxf5 Rg5 38. Rd5 a6 39. Ke3 Kf7 40. Rxd6 Rxf5 41. Rxa6 h5 42. b4 Ke7 43. a4 bxa4 44. Rxa4 h4 45. Ra7+ Kf6 46. Rh7 Kg5 47. c4 Rf1 48. b5 Rb1 49. Kd4 Kg4 50. Kc5 h3 51. b6 Kg3 52. b7 h2 53. Kc6 Kg2 54. c5 1-0

[Event "EWICC 2019"]
[Site "Antalya"]
[Date "2019.04.15"]
[Round "5.46"]
[White "Trippold, Denise"]
[Black "Calzetta Ruiz, Monica"]
[Result "1-0"]
[WhiteElo "2158"]
[BlackElo "2283"]
[Annotator "NA"]
[PlyCount "49"]
[EventDate "2019.04.11"]
[EventType "swiss"]
[EventCountry "TUR"]
[SourceTitle "playchess.com"]
[Source "ChessBase"]
[SourceQuality "1"]

1. d4 Nf6 2. c4 c5 3. d5 b5 4. cxb5 a6 5. bxa6 g6 6. Nc3 Bg7 7. e4 O-O 8. e5 Ne8 9. h4 Bxe5 10. Bh6 Qa5 11. Qd2 Bxa6 12. Nf3 Bg7 13. h5 Bxf1 14. Kxf1 Qa6+ 15. Kg1 Bxh6 16. Qxh6 Qf6 17. hxg6 Qxg6 18. Qe3 Nf6 19. Nh4 Qg4 20. Rh3 Nh5 21. Qxe7 Na6 22. Ne4 f5 23. Ng5 Ng7 24. Nxh7 Kxh7 25. Nxf5+ 1-0

[Event "EWICC 2019"]
[Site "Antalya"]
[Date "2019.04.15"]
[Round "5.47"]
[White "Yildiz Kadioglu, Betul Cemre"]
[Black "Gokbulut, Julia"]
[Result "1-0"]
[WhiteElo "2281"]
[BlackElo "2021"]
[Annotator "NA"]
[PlyCount "133"]
[EventDate "2019.04.11"]
[EventType "swiss"]
[EventCountry "TUR"]
[SourceTitle "playchess.com"]
[Source "ChessBase"]
[SourceQuality "1"]

1. e4 c6 2. d4 d5 3. Nd2 dxe4 4. Nxe4 Bf5 5. Nc5 e5 6. Nxb7 Qb6 7. Nc5 exd4 8. Nb3 Bb4+ 9. Bd2 Ne7 10. Bxb4 Qxb4+ 11. Qd2 Qxd2+ 12. Kxd2 O-O 13. Re1 Ng6 14. Nxd4 Rd8 15. Kc3 Bd7 16. Ngf3 c5 17. Nb5 Nc6 18. b3 Nb4 19. a3 Nd5+ 20. Kb2 a6 21. Nd6 Bg4 22. Nb7 Rdc8 23. Ne5 Be6 24. Nxg6 hxg6 25. Bc4 Ra7 26. Nd6 Rc6 27. Ne4 Nf4 28. Ng5 Kf8 29. Nxe6+ Nxe6 30. Bxe6 fxe6 31. Re4 Rd7 32. Rhe1 Ke7 33. Kc3 Rd5 34. Re5 Rd8 35. Rg5 Rh8 36. Rxg6 Kf7 37. Rg3 Rxh2 38. Re5 g6 39. Reg5 Rh6 40. Kc4 Rh4+ 41. R5g4 Rxg4+ 42. Rxg4 Kf6 43. Rf4+ Ke5 44. Rf8 g5 45. a4 Ke4 46. a5 Rc7 47. Rg8 Kf4 48. Ra8 Rc6 49. Rb8 Rd6 50. Kxc5 Rd5+ 51. Kb4 Rf5 52. Rd8 Ke4 53. Rd2 Rb5+ 54. Ka4 Rc5 55. c4 Rc6 56. Kb4 e5 57. Kc3 Kf4 58. b4 g4 59. Rd8 Ke4 60. Kb3 Rf6 61. Rd2 g3 62. fxg3 Rg6 63. b5 Rxg3+ 64. Kb4 axb5 65. cxb5 Ke3 66. Rb2 Rg4+ 67. Ka3 1-0

[Event "EWICC 2019"]
[Site "Antalya"]
[Date "2019.04.15"]
[Round "5.48"]
[White "Berke, Ana"]
[Black "Styazhkina, Anna"]
[Result "0-1"]
[WhiteElo "2146"]
[BlackElo "2274"]
[Annotator "NA"]
[PlyCount "94"]
[EventDate "2019.04.11"]
[EventType "swiss"]
[EventCountry "TUR"]
[SourceTitle "playchess.com"]
[Source "ChessBase"]
[SourceQuality "1"]

1. e4 e5 2. Nf3 Nc6 3. Bb5 a6 4. Ba4 Nf6 5. Nc3 b5 6. Bb3 Bc5 7. O-O d6 8. Nd5 h6 9. c3 O-O 10. d4 Ba7 11. a4 exd4 12. cxd4 Bg4 13. Be3 Na5 14. Bc2 Nxd5 15. exd5 Nc4 16. Qd3 f5 17. axb5 axb5 18. Bc1 Qf6 19. Re1 Bxf3 20. Qxf3 Qxd4 21. Rxa7 Rxa7 22. Bxf5 Raa8 23. b3 Ne5 24. Qh3 Rf6 25. Be6+ Kh8 26. Rf1 Ra1 27. Qe3 Qxe3 28. Bxe3 Rxf1+ 29. Kxf1 Nd3 30. g3 Nb4 31. Ke2 c6 32. Bd4 Rf8 33. f4 Nxd5 34. Kd2 Nc7 35. Bh3 c5 36. Be3 Kg8 37. Bd7 Kf7 38. f5 Ra8 39. h4 Ra2+ 40. Kd3 Ra3 41. Kc2 c4 42. Bb6 Ke7 43. Bc6 Ra6 44. Bxc7 Rxc6 45. Ba5 h5 46. Bc3 cxb3+ 47. Kxb3 Rxc3+ 0-1

[Event "EWICC 2019"]
[Site "Antalya"]
[Date "2019.04.15"]
[Round "5.49"]
[White "Mikadze, Miranda"]
[Black "Palma, Maria"]
[Result "1-0"]
[WhiteElo "2266"]
[BlackElo "1998"]
[Annotator "TA"]
[PlyCount "45"]
[EventDate "2019.04.11"]
[EventType "swiss"]
[EventCountry "TUR"]
[SourceTitle "playchess.com"]
[Source "ChessBase"]
[SourceQuality "1"]

1. e4 e6 2. d4 d5 3. Bd3 dxe4 4. Bxe4 c5 5. Ne2 Nf6 6. Bf3 e5 7. dxe5 Qxd1+ 8. Kxd1 Ng4 9. Bxg4 Bxg4 10. f3 Bd7 11. Bf4 Nc6 12. Nd2 O-O-O 13. Kc1 Re8 14. Nc3 Nxe5 15. a4 f5 16. Rd1 g5 17. Bxe5 Rxe5 18. Nc4 Re6 19. Ra3 g4 20. Kb1 gxf3 21. gxf3 Bc6 22. Nb5 a6 23. Nb6+ 1-0

[Event "EWICC 2019"]
[Site "Antalya"]
[Date "2019.04.15"]
[Round "5.50"]
[White "Utiatskaja, Irina"]
[Black "Anacoglu, Cisel"]
[Result "1/2-1/2"]
[WhiteElo "2210"]
[BlackElo "1958"]
[Annotator "NA"]
[PlyCount "182"]
[EventDate "2019.04.11"]
[EventType "swiss"]
[EventCountry "TUR"]
[SourceTitle "playchess.com"]
[Source "ChessBase"]
[SourceQuality "1"]

1. d4 Nf6 2. c4 g6 3. Nc3 Bg7 4. e4 d6 5. Nf3 O-O 6. Be2 e5 7. d5 a5 8. Bg5 h6 9. Bh4 Qe8 10. Nd2 Na6 11. O-O Nd7 12. a3 f5 13. exf5 g5 14. Bg3 Nb6 15. Bh5 Qe7 16. f6 Bxf6 17. Nce4 Bg7 18. Bg4 Bf5 19. Bxf5 Rxf5 20. b4 axb4 21. axb4 Raf8 22. b5 Nc5 23. Nxc5 dxc5 24. Ra7 Qd7 25. Re1 Rb8 26. Ra3 Rbf8 27. f3 Nc8 28. Ne4 b6 29. Qc2 Nd6 30. Ra7 h5 31. Nxd6 Qxd6 32. h3 R8f7 33. Ra8+ Kh7 34. Re8 Qg6 35. Bxe5 Bxe5 36. R1xe5 Rxe5 37. Qxg6+ Kxg6 38. Rxe5 Rf4 39. Re4 h4 40. Kf2 Kf5 41. Re7 Rxc4 42. Rxc7 Rd4 43. Rc6 Rxd5 44. Rxb6 c4 45. g4+ hxg3+ 46. Kxg3 c3 47. Rc6 Rxb5 48. Rxc3 Rb4 49. Rc6 Ra4 50. Rc8 Rb4 51. Rf8+ Kg6 52. Re8 Kf5 53. Re4 Rb3 54. Ra4 Rb5 55. h4 gxh4+ 56. Rxh4 Rb1 57. Rh5+ Kg6 58. Ra5 Rb4 59. Ra8 Kf5 60. Rf8+ Kg5 61. f4+ Kg6 62. Kg4 Ra4 63. Rb8 Ra5 64. Rb6+ Kg7 65. Re6 Kf7 66. Rh6 Kg7 67. Rh3 Kg6 68. Rh8 Kg7 69. Re8 Kg6 70. Rb8 Kf6 71. Rb6+ Kg7 72. f5 Kf7 73. Kg5 Ra7 74. Rh6 Kf8 75. Kg6 Rg7+ 76. Kf6 Rf7+ 77. Ke5 Ra7 78. Rh8+ Kg7 79. Rd8 Kf7 80. Rd5 Rb7 81. Kf4 Kf6 82. Rd6+ Kf7 83. Kg5 Ra7 84. Rh6 Kf8 85. f6 Ra1 86. Rh5 Ra5+ 87. Kg6 Rxh5 88. Kxh5 Kf7 89. Kg5 Kf8 90. Kg6 Kg8 91. f7+ Kf8 1/2-1/2

[Event "EWICC 2019"]
[Site "Antalya"]
[Date "2019.04.15"]
[Round "5.51"]
[White "Ferkova, Dominika"]
[Black "Aghasiyeva, Fidan"]
[Result "0-1"]
[WhiteElo "1993"]
[BlackElo "2209"]
[Annotator "NA"]
[PlyCount "68"]
[EventDate "2019.04.11"]
[EventType "swiss"]
[EventCountry "TUR"]
[SourceTitle "playchess.com"]
[Source "ChessBase"]
[SourceQuality "1"]

1. d4 e6 2. c4 f5 3. g3 Nf6 4. Nf3 Bb4+ 5. Bd2 Qe7 6. a3 Bxd2+ 7. Nbxd2 O-O 8. Bg2 d6 9. O-O e5 10. dxe5 dxe5 11. e4 f4 12. Nb3 Nc6 13. Qd2 Be6 14. Rfe1 fxg3 15. hxg3 Kh8 16. Rac1 Ng4 17. Qg5 Rf6 18. Rf1 Raf8 19. Rc3 a5 20. Nh4 Nxf2 21. Nf5 Bxf5 22. exf5 a4 23. Rxf2 axb3 24. Bxc6 bxc6 25. Rxb3 Qc5 26. Qe3 Qxc4 27. Rc3 Qg4 28. Qxe5 Qd1+ 29. Rf1 Qd2 30. Rf2 Qd1+ 31. Rf1 Qh5 32. Rc4 Re8 33. Qxc7 Qe2 34. Qb6 Qxc4 0-1

[Event "EWICC 2019"]
[Site "Antalya"]
[Date "2019.04.15"]
[Round "5.52"]
[White "Pintor, Ariana"]
[Black "Hernandez Estevez, Yudania"]
[Result "0-1"]
[WhiteElo "1918"]
[BlackElo "2198"]
[Annotator "NA"]
[PlyCount "92"]
[EventDate "2019.04.11"]
[EventType "swiss"]
[EventCountry "TUR"]
[SourceTitle "playchess.com"]
[Source "ChessBase"]
[SourceQuality "1"]

1. e4 e5 2. Nf3 Nc6 3. Bb5 f5 4. d3 fxe4 5. dxe4 Nf6 6. O-O d6 7. Nc3 Bg4 8. Qd3 Be7 9. Nd2 Qd7 10. Nd5 a6 11. Ba4 O-O 12. Bxc6 bxc6 13. Nxe7+ Qxe7 14. Qc4+ Qf7 15. Qxc6 Be2 16. Re1 Bb5 17. Qc3 Nd5 18. Qg3 Nb4 19. c4 Nc2 20. Rf1 Nxa1 21. cxb5 Nc2 22. bxa6 Nd4 23. Qa3 Ra7 24. f3 Rfa8 25. Qd3 Qxa2 26. f4 Qxa6 27. Nc4 Rf8 28. Be3 c5 29. Rf2 Rb7 30. Nxe5 Qa1+ 31. Rf1 Qxb2 32. Nc4 Qe2 33. Qxe2 Nxe2+ 34. Kh1 Rb3 35. Bd2 Rd3 36. Re1 Nxf4 37. Be3 Ne6 38. g3 Ra8 39. Kg2 Ra4 40. Nb2 Ra2 41. Re2 Rxe3 42. Rxe3 Rxb2+ 43. Kg1 Kf7 44. Rf3+ Ke7 45. Rd3 Nd4 46. Re3 Rb3 0-1

[Event "EWICC 2019"]
[Site "Antalya"]
[Date "2019.04.15"]
[Round "5.53"]
[White "Oz, Irem Ezra"]
[Black "Kusenkova, Natallia"]
[Result "0-1"]
[WhiteElo "1687"]
[BlackElo "2211"]
[Annotator "NA"]
[PlyCount "156"]
[EventDate "2019.04.11"]
[EventType "swiss"]
[EventCountry "TUR"]
[SourceTitle "playchess.com"]
[Source "ChessBase"]
[SourceQuality "1"]

1. e4 e5 2. Nf3 Nc6 3. d4 exd4 4. Nxd4 Nf6 5. Nxc6 bxc6 6. Bd3 d5 7. exd5 cxd5 8. O-O Be7 9. Re1 O-O 10. h3 c5 11. b3 Bb7 12. Nd2 Bd6 13. Bb2 Bc7 14. Qf3 Qd6 15. Be5 Qc6 16. Bxf6 Qxf6 17. Qxf6 gxf6 18. Nf3 Rfe8 19. Bb5 Re6 20. Bd7 Rd6 21. Bf5 Ba5 22. Re7 Bc6 23. Rd1 Kf8 24. Re2 h6 25. a4 Rad8 26. Re3 Bb7 27. Nh2 Ba6 28. Nf1 d4 29. Rg3 Bc7 30. Bh7 Ke7 31. Re1+ Re6 32. Rxe6+ Kxe6 33. Rf3 Bb7 34. Rf5 Rh8 35. Rxc5 Kd6 36. Rc4 Rxh7 37. Rxd4+ Ke6 38. Rb4 Ba8 39. Rc4 Rg7 40. f3 Bb6+ 41. Kh2 Rg5 42. Rh4 Bc7+ 43. Kh1 Re5 44. Rc4 Kd7 45. Kg1 Re2 46. Rd4+ Ke7 47. Rc4 Bb6+ 48. Kh2 Bxf3 49. Kg3 Bxg2 50. Nh2 Bd5 51. Rc8 Rg2+ 52. Kf4 Rxh2 53. Rc3 Bd4 54. Rd3 Be5+ 55. Kg4 Be6+ 56. Kh4 Rxc2 57. Kh5 Rc3 58. Rxc3 Bxc3 59. Kxh6 Bxh3 60. Kh5 Be6 61. Kh4 Bxb3 62. Kg4 Bxa4 63. Kf4 Bb5 64. Ke4 a5 65. Kd5 a4 66. Kc5 a3 67. Kxb5 a2 68. Kc4 a1=Q 69. Kd3 Qa4 70. Ke3 Ba5 71. Kd3 Kd6 72. Ke3 Ke5 73. Kd3 Qb3+ 74. Ke2 Ke4 75. Kf2 Qf3+ 76. Kg1 Qe2 77. Kh1 Kf3 78. Kg1 Qg2# 0-1

[Event "EWICC 2019"]
[Site "Antalya"]
[Date "2019.04.15"]
[Round "5.54"]
[White "Petrova, Irina"]
[Black "Chan, Naruna"]
[Result "1-0"]
[WhiteElo "2164"]
[BlackElo "2004"]
[Annotator "NA"]
[PlyCount "103"]
[EventDate "2019.04.11"]
[EventType "swiss"]
[EventCountry "TUR"]
[SourceTitle "playchess.com"]
[Source "ChessBase"]
[SourceQuality "1"]

1. d4 Nf6 2. Bg5 d5 3. Nc3 Nbd7 4. Nf3 e6 5. e4 dxe4 6. Nxe4 Be7 7. Bxf6 Nxf6 8. Nxf6+ Bxf6 9. c3 O-O 10. Bd3 Re8 11. Qc2 h6 12. Ne5 Bxe5 13. dxe5 Qg5 14. Qe2 Bd7 15. h4 Qf4 16. Be4 Bc6 17. Bxc6 bxc6 18. g3 Qf5 19. O-O-O Red8 20. f4 Rd5 21. c4 Ra5 22. b3 Rb8 23. Kb2 f6 24. Qd2 Ra4 25. g4 Qe4 26. Rhe1 Qg6 27. h5 Qf7 28. g5 fxg5 29. fxg5 Qxh5 30. gxh6 Qxh6 31. Qxh6 gxh6 32. Rg1+ Kh8 33. Rg6 Kh7 34. Rxe6 Rxc4 35. Rd7+ Kg8 36. Rg6+ Kf8 37. Rxh6 Rg4 38. e6 Kg8 39. e7 Kf7 40. Rd8 Rg8 41. Rxc6 a5 42. Rxc7 Re8 43. Ka3 Rb5 44. Rxe8 Kxe8 45. Ka4 Re5 46. Ra7 Re2 47. a3 Re5 48. Rxa5 Rxe7 49. Rd5 Ra7+ 50. Kb4 Rb7+ 51. Kc3 Rc7+ 52. Kb2 1-0

[Event "EWICC 2019"]
[Site "Antalya"]
[Date "2019.04.15"]
[Round "5.55"]
[White "Narva, Triin"]
[Black "Aydin, Gulenay"]
[Result "1/2-1/2"]
[WhiteElo "2129"]
[BlackElo "1936"]
[Annotator "NA"]
[PlyCount "76"]
[EventDate "2019.04.11"]
[EventType "swiss"]
[EventCountry "TUR"]
[SourceTitle "playchess.com"]
[Source "ChessBase"]
[SourceQuality "1"]

1. e4 c5 2. Nc3 d6 3. Nge2 Nf6 4. g3 g6 5. Bg2 Bg7 6. d3 O-O 7. O-O Nc6 8. Bg5 Rb8 9. Qd2 b5 10. a3 a5 11. a4 b4 12. Nb5 Ba6 13. c4 bxc3 14. Nexc3 Ne8 15. Bh6 Bxh6 16. Qxh6 Nc7 17. f4 Nxb5 18. axb5 Bxb5 19. f5 Ne5 20. f6 exf6 21. Nd5 Nd7 22. Rf4 Re8 23. Raf1 Bc6 24. Nxf6+ Nxf6 25. Rxf6 Rb7 26. Qf4 Qe7 27. Rxd6 Bd7 28. Rf2 Be6 29. h4 h5 30. Qe5 Reb8 31. Qxc5 Rxb2 32. Rxb2 Rxb2 33. Qd4 Rb8 34. Ra6 Qc7 35. Kh2 Rd8 36. Qf6 Rxd3 37. Ra8+ Bc8 38. Qf4 Qd7 1/2-1/2

[Event "EWICC 2019"]
[Site "Antalya"]
[Date "2019.04.15"]
[Round "5.56"]
[White "Kejzar, Petra"]
[Black "Kocyigit, Buse Naz"]
[Result "1/2-1/2"]
[WhiteElo "2082"]
[BlackElo "1932"]
[Annotator "NA"]
[PlyCount "146"]
[EventDate "2019.04.11"]
[EventType "swiss"]
[EventCountry "TUR"]
[SourceTitle "playchess.com"]
[Source "ChessBase"]
[SourceQuality "1"]

1. c4 c5 2. Nc3 Nc6 3. g3 g6 4. Bg2 Bg7 5. Nf3 d6 6. O-O e5 7. Ne1 Nge7 8. Nc2 Be6 9. Ne3 O-O 10. a3 a5 11. Ned5 Rb8 12. d3 h6 13. Bd2 b6 14. Rb1 f5 15. b4 axb4 16. axb4 f4 17. bxc5 bxc5 18. Rxb8 Qxb8 19. Qb1 Qd8 20. Qb7 Rf7 21. Nxe7+ Nxe7 22. Ra1 Qd7 23. Ra8+ Kh7 24. Qxd7 Bxd7 25. Ra7 Be6 26. Nb5 Nf5 27. Rxf7 Bxf7 28. gxf4 exf4 29. Bxf4 Be5 30. Bxe5 dxe5 31. Bd5 Bxd5 32. cxd5 Kg8 33. e4 Nh4 34. Nd6 Nf3+ 35. Kf1 Nxh2+ 36. Kg2 Ng4 37. Nb7 Kf7 38. Nxc5 Ke7 39. Nb7 Nf6 40. Na5 Nd7 41. Nc4 Kf6 42. Kg3 Nc5 43. Nb2 g5 44. f3 h5 45. Kf2 Nb3 46. Na4 Ke7 47. Nb6 Nd4 48. Nc4 Kf6 49. Ne3 Kf7 50. Nf1 Kf6 51. Ng3 Kg6 52. Ke3 Nc2+ 53. Kf2 Nd4 54. Kg2 Nc2 55. Nf5 Ne1+ 56. Kg3 Nxd3 57. Nd6 Nc5 58. Nc4 Nd7 59. Ne3 Kf6 60. Nd1 Ke7 61. Nf2 Kf6 62. Kg2 Ke7 63. Nh1 Kf6 64. Kf2 Kg6 65. Ke3 Kf7 66. Nf2 Ke7 67. Kd3 Nb6 68. Kc3 Kd6 69. Nd1 g4 70. fxg4 hxg4 71. Ne3 g3 72. Nf5+ Kc5 73. Nxg3 Nxd5+ 1/2-1/2

[Event "EWICC 2019"]
[Site "Antalya"]
[Date "2019.04.15"]
[Round "5.57"]
[White "Soyunlu, Narmin"]
[Black "Koljevic, Nikolina"]
[Result "1-0"]
[WhiteElo "2064"]
[BlackElo "1917"]
[Annotator "NA"]
[PlyCount "91"]
[EventDate "2019.04.11"]
[EventType "swiss"]
[EventCountry "TUR"]
[SourceTitle "playchess.com"]
[Source "ChessBase"]
[SourceQuality "1"]

1. d4 d5 2. c4 e6 3. cxd5 exd5 4. Nc3 c6 5. Qc2 Bd6 6. a3 Ne7 7. e3 Bf5 8. Bd3 Bxd3 9. Qxd3 O-O 10. Nf3 Re8 11. O-O Ng6 12. Bd2 Nd7 13. b4 a6 14. e4 dxe4 15. Nxe4 Bf4 16. Bxf4 Nxf4 17. Qc2 Nf6 18. Nc5 b6 19. Na4 Ne2+ 20. Kh1 b5 21. Nc5 Nxd4 22. Nxd4 Qxd4 23. Rad1 Qh4 24. h3 Nd5 25. Qf5 g6 26. Qf3 Re5 27. Nd7 Rf5 28. Qe2 Kg7 29. Qb2+ Kg8 30. Rd4 Qe7 31. Nc5 Re5 32. Rdd1 a5 33. Nd3 Re2 34. Rd2 Re4 35. Rb1 axb4 36. Nxb4 Nxb4 37. axb4 Re8 38. Rc2 Qd6 39. Rcc1 Re2 40. Qc3 Qf4 41. Qxc6 Qxf2 42. Rf1 Qg3 43. Qd5 R8e6 44. Rbc1 Re1 45. Rcxe1 Rxe1 46. Qxf7+ 1-0

[Event "EWICC 2019"]
[Site "Antalya"]
[Date "2019.04.15"]
[Round "5.58"]
[White "Pipia, Ekaterine"]
[Black "Trisha Kanyamarala"]
[Result "1/2-1/2"]
[WhiteElo "1936"]
[BlackElo "2028"]
[Annotator "NA"]
[PlyCount "72"]
[EventDate "2019.04.11"]
[EventType "swiss"]
[EventCountry "TUR"]
[SourceTitle "playchess.com"]
[Source "ChessBase"]
[SourceQuality "1"]

1. Nf3 d5 2. e3 Nf6 3. c4 e6 4. b3 c5 5. Bb2 Nc6 6. cxd5 exd5 7. d4 Be6 8. Nc3 Be7 9. Be2 O-O 10. O-O Rc8 11. Ne5 Bd6 12. f4 cxd4 13. Nxc6 dxc3 14. Nxd8 cxb2 15. Rb1 Rcxd8 16. Rxb2 Bc5 17. Kh1 Bxe3 18. f5 Bd7 19. Bd3 Bc6 20. Rc2 Bb6 21. g4 Ne4 22. f6 Rfe8 23. fxg7 Nc5 24. Bxh7+ Kxh7 25. g5 d4+ 26. Kg1 Kxg7 27. Qh5 Re7 28. Rcf2 Bd5 29. Qh6+ Kg8 30. g6 f5 31. Rxf5 Ne6 32. h4 d3+ 33. Kh2 Bc7+ 34. Kg1 Bb6+ 35. Kh2 Bc7+ 36. Kg1 Bb6+ 1/2-1/2

[Event "EWICC 2019"]
[Site "Antalya"]
[Date "2019.04.15"]
[Round "5.59"]
[White "Sahin, Handenur"]
[Black "Catal, Uktenur"]
[Result "1-0"]
[WhiteElo "2017"]
[BlackElo "1820"]
[Annotator "NA"]
[PlyCount "125"]
[EventDate "2019.04.11"]
[EventType "swiss"]
[EventCountry "TUR"]
[SourceTitle "playchess.com"]
[Source "ChessBase"]
[SourceQuality "1"]

1. e4 e6 2. d4 d5 3. Nd2 a6 4. Ngf3 c5 5. c3 Nc6 6. Bd3 cxd4 7. cxd4 dxe4 8. Nxe4 Be7 9. O-O Nf6 10. a3 O-O 11. Be3 g6 12. Rc1 Bd7 13. Bh6 Re8 14. Nc5 Bxc5 15. dxc5 Ng4 16. Bg5 f6 17. Bh4 Kg7 18. h3 Nh6 19. Be4 e5 20. Qd6 Re6 21. Qd2 Re7 22. Bxf6+ Kxf6 23. Qxh6 Qf8 24. Qg5+ Kg7 25. Rcd1 Qf4 26. Rfe1 Qxg5 27. Nxg5 h6 28. Nf3 Rf8 29. Rd6 Rf6 30. Bxc6 Bxc6 31. Rxe5 Rff7 32. Rxe7 Rxe7 33. Nd4 Be4 34. f3 Bb1 35. Kf2 Kf7 36. b4 Ba2 37. Ne2 Bc4 38. Nc3 Kg7 39. Ne4 Bb5 40. Nc3 Bc4 41. Rd4 Bf7 42. Ne4 Ba2 43. Nd6 Bb3 44. h4 Be6 45. Re4 Kf6 46. Ke3 Rd7 47. Rd4 Re7 48. Ne4+ Kg7 49. Kd3 Bd7 50. Kc3 Ba4 51. Rd8 Bc6 52. Kd4 Rf7 53. Ke3 Re7 54. g4 Re6 55. Rd6 Re7 56. Rd4 Re5 57. f4 Re7 58. f5 gxf5 59. gxf5 Re8 60. Kf4 Rg8 61. Rd6 Kf7 62. Rf6+ Ke7 63. Rxh6 1-0

[Event "EWICC 2019"]
[Site "Antalya"]
[Date "2019.04.15"]
[Round "5.60"]
[White "Tanir, Simay"]
[Black "Sade, Defne"]
[Result "0-1"]
[WhiteElo "1361"]
[BlackElo "2013"]
[Annotator "NA"]
[PlyCount "72"]
[EventDate "2019.04.11"]
[EventType "swiss"]
[EventCountry "TUR"]
[SourceTitle "playchess.com"]
[Source "ChessBase"]
[SourceQuality "1"]

1. d4 d5 2. c4 c6 3. cxd5 cxd5 4. Nc3 Nf6 5. Bf4 Nc6 6. e3 a6 7. Rc1 e6 8. Bd3 Bd6 9. Bxd6 Qxd6 10. Nf3 O-O 11. O-O b5 12. Qe2 Bb7 13. Nb1 Ne4 14. Nbd2 f5 15. Nb3 Rae8 16. Ne1 Qe7 17. f3 Nd6 18. f4 Ne4 19. Nf3 h6 20. h4 Ng3 21. Qf2 Nxf1 22. Bxf1 Rc8 23. Nc5 Rf7 24. h5 Qf6 25. Nh4 Rfc7 26. Ng6 Kh7 27. g4 fxg4 28. Bd3 Kg8 29. Qg3 Nxd4 30. b4 Nf5 31. Qxg4 Nxe3 32. Qh3 Nf5 33. Re1 Qd4+ 34. Kf1 Qxb4 35. Nxe6 Rc1 36. Ne7+ Nxe7 0-1

[Event "EWICC 2019"]
[Site "Antalya"]
[Date "2019.04.15"]
[Round "5.61"]
[White "Sieber, Fiona"]
[Black "Olde, Margareth"]
[Result "1-0"]
[WhiteElo "2310"]
[BlackElo "2088"]
[Annotator "NA"]
[PlyCount "113"]
[EventDate "2019.04.11"]
[EventType "swiss"]
[EventCountry "TUR"]
[SourceTitle "playchess.com"]
[Source "ChessBase"]
[SourceQuality "1"]

1. e4 e5 2. Nf3 Nc6 3. Bb5 a6 4. Ba4 Nf6 5. O-O Be7 6. d3 d6 7. c3 O-O 8. Nbd2 b5 9. Bc2 d5 10. Qe2 dxe4 11. dxe4 Be6 12. b4 Nd7 13. a4 Na7 14. Ba3 f6 15. Bb3 Bxb3 16. Nxb3 Nb6 17. axb5 axb5 18. Bc1 Qe8 19. Be3 Na4 20. Rfc1 Qf7 21. Nfd2 Rfb8 22. f4 Bd6 23. f5 Nc8 24. Rc2 Qf8 25. Qd3 Kh8 26. Rca2 Ncb6 27. Kh1 c5 28. bxc5 Nxc5 29. Bxc5 Rxa2 30. Rxa2 Bxc5 31. Qxb5 Be3 32. Nf1 Bf4 33. Rb2 h6 34. Nc5 Nd7 35. Nxd7 Rxb5 36. Rxb5 Qd6 37. Rb8+ Kh7 38. Rd8 Qe7 39. Nf8+ Kg8 40. Rc8 Qxf8 41. Rxf8+ Kxf8 42. Kg1 g6 43. Kf2 gxf5 44. exf5 h5 45. g3 Bc1 46. Ne3 Bb2 47. Nd5 Kg7 48. Kf3 h4 49. gxh4 Kh6 50. c4 Kh5 51. c5 Ba3 52. c6 Bd6 53. c7 Bxc7 54. Nxc7 Kxh4 55. Nd5 Kh5 56. Ke4 Kg5 57. h3 1-0